Central Library OPAC University of Rajshahi

The theory of sound / (Record no. 76585)

MARC details
000 -LEADER
fixed length control field 00955nam a22003011 4500
001 - CONTROL NUMBER
control field 76585
003 - CONTROL NUMBER IDENTIFIER
rucl marc code BD-RjUL
005 - DATE AND TIME OF LATEST TRANSACTION
control field 20211209082849.0
008 - FIXED-LENGTH DATA ELEMENTS--GENERAL INFORMATION
fixed length control field 140121s1945 nyuac b 000 0 eng
035 ## - SYSTEM CONTROL NUMBER
System control number (BD-RjUL)76809
040 ## - CATALOGING SOURCE
Original cataloging agency DLC
Transcribing agency DLC
Modifying agency DLC
-- BD-RjUL
Language of cataloging eng
041 ## - LANGUAGE CODE
Language code of text/sound track or separate title eng
082 00 - DEWEY DECIMAL CLASSIFICATION NUMBER
Classification number 534.1
Author mark and year STT 1945
Edition number 23
100 1# - MAIN ENTRY--PERSONAL NAME
Personal name Rayleigh, John William Strutt,
Dates associated with a name 1842-1919.
9 (RLIN) 29224
245 04 - TITLE STATEMENT
Title The theory of sound /
Statement of responsibility, etc. by John William Strutt, baron Rayleigh
260 ## - PUBLICATION, DISTRIBUTION, ETC. (IMPRINT)
Place of publication, distribution, etc. London :
Name of publisher, distributor, etc. Macmillan and co. ,,
Date of publication, distribution, etc. c1944.
300 ## - PHYSICAL DESCRIPTION
Pagination 2 v. in 1. :
Illustrations front. (port.), diagrs. ;
Size 22 cm.
500 ## - GENERAL NOTE
General note "First American edition."
504 ## - BIBLIOGRAPHY, ETC. NOTE
Bibliography, etc Bibliographical foot-notes. Bibliography: v. 1, p. xxx-xxxii.
505 ## - FORMATTED CONTENTS NOTE
Formatted contents note Vol. 1.
650 #0 - SUBJECT ADDED ENTRY--TOPICAL TERM
Topical term or geographic name as entry element Sound.
9 (RLIN) 29225
Topical term or geographic name as entry element Vibration.
9 (RLIN) 29226
Topical term or geographic name as entry element Waves.
9 (RLIN) 29227
700 1# - ADDED ENTRY--PERSONAL NAME
Personal name Lindsay, Robert Bruce,
Dates associated with a name 1900-
942 ## - ADDED ENTRY ELEMENTS (KOHA)
Source of classification or shelving scheme Dewey Decimal Classification
Koha item type Books
Holdings
Lost status Source of classification or shelving scheme Damaged status Not for loan Collection code Permanent Location Current Location Shelving location Date acquired Source of acquisition Total Checkouts Full call number Date last seen Copy number Koha item type
  Dewey Decimal Classification   Not For Loan Non-fiction Central Library, University of Rajshahi Central Library, University of Rajshahi Reading Room 27/11/1958 colombo planthrogh   534.1 STT 1944 V-1 23/12/2019 C-1 Books